000 01007cam a22002651 4500
001 gs 62000214
003 DLC
005 20260227111411.0
008 760622s1961 xx 000 0 eng
010 _ags 62000214
035 _a(OCoLC)2272858
040 _aDLC
_cMeU-P
_dDLC
042 _apremarc
050 0 0 _aQE171
_b.A3 no. 18
100 1 _aHewitt, Philip Cooper,
_d1925-
245 1 4 _aThe geology of the Equinox quadrangle and vicinity, Vermont,
_cby Philip C. Hewitt. With data on the Green Mountains section provided by Richard F. LaBrake.
260 _aMontpelier,
_bVermont Development Dept.,
_c1961.
300 _a83 p.
_billus. (part col.) maps (part col.) diagrs., tables.
_c23 cm.
500 _aPart of illustrative matter folded in pocket.
504 _aBibliography: p. 81-83.
650 0 _aGeology
_zVermont
_zEquinox quadrangle.
700 1 _aLaBrake, Richard F.
740 0 _aEquinox quadrangle and vicinity, Vermont.
810 1 _aVermont.
_bState Geologist.
_tBulletin ;
_vno. 18.
999 _c29632
_d29632